Príručka pre programový systém MATLAB teória - prostriedky - aplikácie

Bibliographic Details
Main Author: Šebej, Peter (Author)
Format: Book
Language:Slovak
PhysicalDescription:208 s. grafy, tab. 29 cm
Published: Prešov Fakulta výrobných technológií 2004
ISBN:8080731535
Edition:2. vyd.
Subjects:

MARC

LEADER 00000nam a2200000 a 4500
001 vtls008703508
003 SK-MaSNL
005 20260301205531.0
008 240318s2004 xo dl g 001 0 slo
015 |a SNBA2006/06-03531 
020 |a 8080731535  |q (brož.) 
035 |a 157843A9-288F-4615-82BF-943DC2A03908 
035 |a urn:nbn:sk:snk-amygib 
035 |a urn:nbn:sk:snk-am00ckdz 
040 |a SNK  |b slo  |c SNK  |e AACR2 
041 0 |a slo 
044 |a xo  |c SK 
072 7 |a 004.4/.6  |x Programové vybavenie. Programové prostriedky  |2 konspekt 
080 |a 004.9:51  |2 2001 
080 |a 004.94  |2 2001 
080 |a (035)  |2 2001 
080 |a 004.42MATLAB  |2 2001 
100 1 |a Šebej, Peter  |4 aut  |9 8054 
245 1 0 |a Príručka pre programový systém MATLAB  |b teória - prostriedky - aplikácie  |c Peter Šebej 
250 |a 2. vyd. 
260 |a Prešov  |b Fakulta výrobných technológií  |c 2004 
300 |a 208 s.  |b grafy, tab.  |c 29 cm 
500 |a Reg. Zozn. 
504 |a Bibliogr. s. 193-195 
650 0 7 |a MATLAB (softvér)  |2 SNKPH  |9 68089 
650 0 7 |a matematický softvér  |2 SNKPH  |9 1901 
650 0 7 |a počítačové modelovanie  |2 SNKPH  |9 68153 
655 7 |a príručky  |2 SNKPH  |9 74364 
919 |a 80-8073-153-5 
999 |c 910487  |d 912417 
952 |a SNK  |b SNK  |y PREZ  |7 0  |p 17A0511318  |o snkSB 72344  |i snk2006/10427  |8 0  |0 0  |1 0  |4 0  |d 2006-05-24  |f 1  |l 0  |r 2025-04-25 00:00:00  |w 2026-02-24 
952 |a SNK  |b SNK  |y VYP  |7 0  |p 17A0511317  |o snkSB 72344 D1  |i snk2006/10428  |8 0  |0 0  |1 0  |4 0  |d 2006-05-24  |l 0  |r 2016-06-30 00:00:00  |w 2026-02-24